Govt. of
Madhya Pradesh

Interior Design (Record no. 8901)

MARC details
000 -LEADER
fixed length control field 004340000a22001810004500
003 - CONTROL NUMBER IDENTIFIER
control field MACL
005 - DATE AND TIME OF LATEST TRANSACTION
control field 20150825153113.0
008 - FIXED-LENGTH DATA ELEMENTS--GENERAL INFORMATION
fixed length control field 150825b xxu||||| |||| 00| 0 eng d
040 ## - CATALOGING SOURCE
Original cataloging agency MACL
Transcribing agency MACL
041 ## - LANGUAGE CODE
Language code of text/sound track or separate title English
082 ## - DEWEY DECIMAL CLASSIFICATION NUMBER
Classification number 729
100 ## - MAIN ENTRY--PERSONAL NAME
Personal name Chaudhari, S N
9 (RLIN) 7380
245 ## - TITLE STATEMENT
Title Interior Design
260 ## - PUBLICATION, DISTRIBUTION, ETC. (IMPRINT)
Name of publisher, distributor, etc. Aavishkar Publishers
Date of publication, distribution, etc. 2006
Place of publication, distribution, etc. Jaipur
350 ## - PRICE (NR) (BK AM CF MU VM SE) [OBSOLETE]
Price 550
650 ## - SUBJECT ADDED ENTRY--TOPICAL TERM
Topical term or geographic name as entry element Design & Decorative
9 (RLIN) 7381
942 ## - ADDED ENTRY ELEMENTS (KOHA)
Koha item type Books
Call number prefix 729
Source of classification or shelving scheme
Holdings
Withdrawn status Lost status Source of classification or shelving scheme Damaged status Not for loan Home library Current library Date acquired Cost, normal purchase price Total Checkouts Total Renewals Full call number Barcode Date last seen Date last checked out Uniform Resource Identifier Price effective from Koha item type
          MACL MACL 15/04/2015 550.00 2 1 729 CRE023160 02/05/2024 09/01/2018 8803 15/04/2015 Books